000 00457nam a2200181Ia 4500
001 22443
005 20260414150831.0
008 260414t2001||||xx |||||||||||||| ||spa||
041 _aESP
082 _a621.38131
_bS56
100 _aSimons, Rainee N.
_eAUT
245 0 _aCoplanar waveguide circuits, components, and systems
_b
260 _c2001
300 _axx, 439 páginas :
_c23 cm.
650 _aTCA
654 _aCET
942 _cLIB
_dJUS
_fJUS
_2ddc
_n
999 _c22443
_d22443